Every Top 1 in Geometry Dash - Statistics

General Stats
  • This quiz has been taken 80 times
    53 since last reset
  • The average score is 23 of 43
Answer Stats
Creator Verifier Top 1 % Correct
OniLink Zoink Tidal Wave
98%
Riot Riot Bloodbath
95%
IcEDCave Doggie Slaughterhouse
93%
CairoX Zoink Thinking Space II
93%
iMist wPopoff Amethyst
88%
Manix648 & Knobbelboy Knobbelboy Bloodlust
88%
Riot & ryamu Zoink Acheron
80%
Cyclic Cyclic Sonic Wave
80%
Cyclic Sunix Sonic Wave
80%
BoBoBoBoBoBoBo Zoink Avernus
78%
Ggb0y Giron/Riot Cataclysm
78%
cherryteam Trick Firework
78%
Riot Dolphy Tartarus
78%
BIANOX Technical Zodiac
78%
Muffy450 & Nick24 Diamond Sakupen Circles
75%
M2coL M2coL Demon Park
65%
BoBoBoBoBoBoBo nSwish The Golden
65%
Exen & CDMusic Cursed Abyss of Darkness
63%
noobas TrusTa Sakupen Hell
63%
Roadbose Riot ICE Carbon Diablo X
60%
Viprin & LmAnubis combi Artificial Ascent
53%
BlackP2sFull BlackP2sFull Silent Club
53%
Viprin TrusTa Yatagarasu
53%
Viprin combi Digital Descent
48%
TrueOmega Wooshi Crimson Planet
45%
Rustam & ILRELL BoldStep Erebus
45%
GMTSean KrmaL Phobos
45%
xSmokes & Giron xSmokes Plasma Pulse Finale
45%
Rabbitical Rabbitical Extreme Park
40%
Exenity Knobbelboy Athanatos
35%
GDTheTactiq Zephal Stalemate Redux
30%
MaJackO MaJackO Stereo Demoness
25%
sohn0924 sohn0924 The Hell Origin
25%
sohn0924 saRy The Hell World
25%
Darnoc Darnoc To The Grave
25%
ra7 ra7 BP Night
23%
SuperHexagon SuperHexagon Demon World
23%
sohn0924 sohn0924 The Hell Zone
23%
DarkX DarkX Element 111 Rg
18%
MaJackO MaJackO Future Demoness
18%
Koopi Koopi Theory of Darkness
18%
ozpectro ozpectro Fexty
13%
Roadbose Roadbose Heaven and Hell
13%
No matching quizzes found
Score Distribution
Percent of People with Each Score
Percentile by Number Answered
Your Score History
You have not taken this quiz since the last reset